| 000 | 01236cam a2200277 4500 | ||
|---|---|---|---|
| 001 | 8048 | ||
| 005 | 20181127184948.0 | ||
| 008 | 731001s1967 enkab b 000 0 eng | ||
| 010 | _a 67096770 | ||
| 082 | 0 | 0 | _a291/.1 |
| 100 |
_aLeach, Edmund. _b _c _d _eeditor _q |
||
| 245 | 0 | 4 |
_aThe Structural study of myth and totemism; _cedited by Edmund Leach. |
| 260 |
_aLondon, _bTavistock Publications, _c1967. |
||
| 300 |
_axix, 185 p. _bmaps, diagrs. _c22 1/2 cm. |
||
| 440 | 0 |
_aA.S.A. monographs ; _v5 |
|
| 500 | _a""[T]his volume derives mainly from material presented at a conference on recent anthropological studies of myth and totemism sponsored by the Association of Social Anthropologists of the Commonwealth and held at the School of Oriental and African Studies, University of London, 24-26 June 1974."" | ||
| 500 | _aLabel mounted on t.p.: Barnes & Noble, New York. | ||
| 504 | _aIncludes bibliographies. | ||
| 650 | 0 | _aMythology. | |
| 650 | 0 | _aStructural anthropology. | |
| 650 | 0 | _aTotemism. | |
| 700 | 1 |
_aLeach, Edmund Ronald, _eed. |
|
| 710 | 2 | _aAssociation of Social Anthropologists of the Commonwealth. | |
| 710 | 2 |
_aUniversity of London. _bSchool of Oriental and African Studies. |
|
| 999 |
_c6928 _d6928 |
||